[Event "ICS rated blitz match"]
[Site "204.178.125.65"]
[Date "2000.10.31"]
[Round "?"]
[White "PabloZelig"]
[Black "Hossa"]
[Result "0-1"]
[WhiteElo "2111"]
[BlackElo "2564"]
[PlyCount "134"]
[EventDate "2000.??.??"]

1. d4 c6 2. c4 Nf6 3. Nc3 d6 4. e4 Nbd7 5. Bd3 e5 6. d5 Nc5 7. Bc2 Be7 8. Nge2
O-O 9. O-O Qb6 10. Kh1 Qb4 11. b3 Qb6 12. f3 Na6 13. a3 cxd5 14. Nxd5 Nxd5 15.
Qxd5 Be6 16. Qd2 Nc5 17. Rb1 f5 18. exf5 Bxf5 19. Bxf5 Rxf5 20. Qc2 Raf8 21.
Be3 Qa6 22. Nc3 Bg5 23. Bxg5 Rxg5 24. Qc1 Rh5 25. Nd5 Nd3 26. Qe3 Nf4 27. Nxf4
Rxf4 28. g3 Rf7 29. Rbd1 Qxa3 30. Rd3 Rh6 31. Rfd1 Rhf6 32. Qe4 Qc5 33. Kg2 a6
34. Rd5 Qa3 35. R5d3 Qb4 36. R1d2 Rxf3 37. Qxf3 Rxf3 38. Kxf3 d5 39. Rxd5 Qxb3+
40. Ke4 Qxc4+ 41. Kxe5 Qc7+ 42. Ke6 Qf7+ 43. Ke5 Qe7+ 44. Kf4 Qf6+ 45. Ke4 Qe7+
46. Kf5 g6+ 47. Kf4 Qf6+ 48. Ke4 Qc6 49. Kf4 Kg7 50. Rd7+ Kh6 51. g4 Qc4+ 52.
Kf3 Qf1+ 53. Kg3 Qe1+ 54. Kh3 Qe3+ 55. Kg2 Kg5 56. h3 Qe4+ 57. Kg3 Qe1+ 58. Kg2
h6 59. R2d3 Kh4 60. R7d6 Qe2+ 61. Kg1 a5 62. R6d4 b5 63. g5+ Kxg5 64. Rg4+ Kf5
65. Rgd4 Qb2 66. Rd5+ Ke4 67. R5d4+ Qxd4+ {PabloZelig resigns} 0-1

[Event "ICS rated blitz match"]
[Site "204.178.125.65"]
[Date "2000.10.31"]
[Round "?"]
[White "Hossa"]
[Black "brutus"]
[Result "1-0"]
[WhiteElo "2566"]
[BlackElo "2165"]
[PlyCount "85"]
[EventDate "2000.??.??"]

1. e4 e6 2. Nf3 d5 3. exd5 exd5 4. Bb5+ Bd7 5. Qe2+ Qe7 6. O-O Qxe2 7. Bxe2 Bd6
8. Nc3 Ne7 9. Nb5 Bxb5 10. Bxb5+ c6 11. Be2 Nd7 12. d4 O-O 13. Re1 Rfe8 14. Bd3
Ng6 15. Bd2 Nf4 16. Bf5 Nf6 17. g3 Ne6 18. h3 Nc7 19. Rxe8+ Rxe8 20. Re1 Rxe1+
21. Bxe1 g6 22. Bc8 b6 23. Bb7 c5 24. dxc5 bxc5 25. Bc3 d4 26. Bd2 Ne6 27. Bc6
Kf8 28. Bh6+ Ke7 29. Bb5 Nd5 30. a3 f6 31. Nd2 Nd8 32. Ne4 Nf7 33. Bc4 Nxh6 34.
Bxd5 f5 35. Ng5 Be5 36. b3 Kd6 37. Bc4 f4 38. g4 Bf6 39. Ne4+ Ke5 40. Nxc5 Be7
41. Nd3+ Ke4 42. Bb5 Kf3 43. Kf1 {brutus resigns} 1-0

[Event "ICS rated blitz match"]
[Site "204.178.125.65"]
[Date "2000.10.31"]
[Round "?"]
[White "brutus"]
[Black "Hossa"]
[Result "0-1"]
[WhiteElo "2162"]
[BlackElo "2569"]
[PlyCount "36"]
[EventDate "2000.??.??"]

1. e4 e5 2. Nf3 Nc6 3. Bb5 a6 4. Ba4 Nf6 5. Qe2 d6 6. c3 b5 7. Bb3 Be7 8. d4
exd4 9. Nxd4 Na5 10. Bc2 O-O 11. O-O Re8 12. Qd3 c5 13. Nf5 Bxf5 14. exf5 d5
15. Bf4 Bd6 16. Bg3 Bxg3 17. fxg3 Nc4 18. Nd2 Re3 {brutus resigns} 0-1

[Event "ICS rated blitz match"]
[Site "204.178.125.65"]
[Date "2000.10.31"]
[Round "?"]
[White "Hossa"]
[Black "QueenMaxima"]
[Result "1-0"]
[WhiteElo "2572"]
[BlackElo "2583"]
[PlyCount "105"]
[EventDate "2000.??.??"]

1. e4 c5 2. Nf3 d6 3. d4 cxd4 4. Qxd4 Nc6 5. Bb5 Bd7 6. Bxc6 Bxc6 7. Nc3 Nf6 8.
Bg5 e6 9. O-O-O Be7 10. Rhe1 O-O 11. e5 dxe5 12. Qh4 Qc7 13. Nxe5 Rfd8 14. Ng4
Nxg4 15. Bxe7 Qf4+ 16. Kb1 Rxd1+ 17. Rxd1 Bxg2 18. h3 Bxh3 19. Rh1 Qxf2 20.
Qxh3 Qf5 21. Rf1 Qg6 22. Qf3 Rb8 23. Bd6 Rd8 24. Bc7 Rd2 25. Rc1 f6 26. Qxb7
Qe8 27. Qxa7 Kh8 28. Rd1 Rxd1+ 29. Nxd1 Nh6 30. Qb8 Qxb8 31. Bxb8 Nf5 32. a4 h5
33. a5 Ne7 34. a6 Nc8 35. a7 Nb6 36. Bc7 Na8 37. Bd8 Kh7 38. Ne3 h4 39. Ng4 Kg6
40. Ba5 Kg5 41. Nh2 h3 42. b4 Kf5 43. b5 g6 44. b6 Nxb6 45. Bxb6 g5 46. a8=Q e5
47. Qf3+ Kg6 48. Ng4 f5 49. Qc6+ Kg7 50. Qf6+ Kg8 51. Qg6+ Kh8 52. Nxe5 g4 53.
Nf7# {QueenMaxima checkmated} 1-0

[Event "ICS rated blitz match"]
[Site "204.178.125.65"]
[Date "2000.10.31"]
[Round "?"]
[White "Colorado"]
[Black "Hossa"]
[Result "1-0"]
[WhiteElo "2663"]
[BlackElo "2589"]
[PlyCount "91"]
[EventDate "2000.??.??"]

1. d4 c6 2. c4 Nf6 3. Nc3 d6 4. e4 Nbd7 5. Nf3 e5 6. Be2 Be7 7. O-O O-O 8. Re1
Re8 9. Bf1 exd4 10. Nxd4 Ne5 11. f4 Ng6 12. Be2 Qb6 13. a3 Bg4 14. Bxg4 Nxg4
15. Na4 Qa5 16. Nf5 Nf6 17. Bd2 Qc7 18. Nc3 Bf8 19. b3 Rad8 20. b4 Qd7 21. Qc2
Nxe4 22. Nxg7 Bxg7 23. Rxe4 Rxe4 24. Qxe4 d5 25. cxd5 cxd5 26. Qd3 Qg4 27. Rf1
d4 28. h3 Qh4 29. Ne2 Ne7 30. Ng3 Rd7 31. Rc1 Qf6 32. Rc5 Qe6 33. f5 Qa2 34.
Nh5 f6 35. Qg3 Nc6 36. Nxf6+ Kf7 37. Nxd7 Qxd2 38. Qb3+ Ke7 39. Qe6+ Kd8 40.
Qg8+ Kxd7 41. Qxg7+ Kd6 42. f6 Qe3+ 43. Kh1 Qf2 44. f7 Qf1+ 45. Kh2 Qf4+ 46.
Kg1 {Hossa resigns} 1-0

[Event "ICS rated blitz match"]
[Site "204.178.125.65"]
[Date "2000.10.31"]
[Round "?"]
[White "Hossa"]
[Black "harimau"]
[Result "0-1"]
[WhiteElo "2576"]
[BlackElo "2794"]
[PlyCount "124"]
[EventDate "2000.??.??"]

1. e4 c5 2. Nf3 d6 3. d4 cxd4 4. Nxd4 Nf6 5. Nc3 a6 6. Bg5 e6 7. f4 Be7 8. Qf3
Qc7 9. O-O-O Nbd7 10. g4 b5 11. Bxf6 Nxf6 12. g5 Nd7 13. f5 Bxg5+ 14. Kb1 Ne5
15. Qh5 Qe7 16. Nxe6 Bxe6 17. fxe6 g6 18. exf7+ Kxf7 19. Qe2 Kg7 20. Nd5 Qd8
21. Bh3 Rf8 22. Rhf1 Ra7 23. Be6 Nc4 24. Rxf8 Qxf8 25. Ka1 Rb7 26. Rf1 Qe8 27.
Qg4 h6 28. h4 Bxh4 29. Qh3 Bg5 30. Qc3+ Kh7 31. Nf6+ Bxf6 32. Rxf6 Ne5 33. Bd5
Rd7 34. Qh3 b4 35. Qh4 Qe7 36. Qf4 Kg7 37. Re6 Qf7 38. Qxf7+ Nxf7 39. Re8 h5
40. Rb8 a5 41. c3 Rc7 42. Ra8 h4 43. Be6 Re7 44. Bc8 bxc3 45. bxc3 Re8 46. e5
h3 47. Bb7 Rxa8 48. Bxa8 Nxe5 49. Bb7 g5 50. Ba6 g4 51. Bf1 h2 52. Bg2 Nc4 53.
Ba8 g3 54. Bc6 Ne3 55. Be4 g2 56. Bxg2 Nxg2 57. Kb2 h1=Q 58. a3 Qd1 59. c4 Ne1
60. Ka2 Qc2+ 61. Ka1 Nd3 62. c5 Qb2# {Hossa checkmated} 0-1

[Event "ICS rated standard match"]
[Site "204.178.125.65"]
[Date "2000.10.31"]
[Round "?"]
[White "Hossa"]
[Black "Behrouz"]
[Result "1-0"]
[WhiteElo "2417"]
[BlackElo "1955"]
[PlyCount "76"]
[EventDate "2000.??.??"]

1. d4 Nf6 2. c4 g6 3. Nf3 Bg7 4. Nc3 O-O 5. e4 d6 6. Bg5 c6 7. Be2 Nbd7 8. O-O
e5 9. dxe5 Nxe5 10. Nxe5 dxe5 11. Qc1 Qc7 12. Bh6 Be6 13. Rd1 Rad8 14. Qe3 b6
15. Qg5 Rd4 16. f3 Rfd8 17. a3 Bxc4 18. Bxg7 Kxg7 19. Bxc4 Rxc4 20. Rxd8 Qxd8
21. Rd1 Rd4 22. Rf1 Qd6 23. Rf2 h6 24. Qc1 g5 25. Qc2 Nd7 26. Re2 b5 27. Qc1
Nb6 28. b3 Nd7 29. Rc2 a6 30. b4 Nb6 31. h4 f6 32. hxg5 hxg5 33. Kf1 Nc4 34.
Ke1 Rd3 35. Ne2 Rxa3 36. Rxc4 bxc4 37. Qxa3 Kf7 38. Qc3 c5 {Behrouz resigns}
1-0

[Event "ICS rated standard match"]
[Site "204.178.125.65"]
[Date "2000.10.31"]
[Round "?"]
[White "Behrouz"]
[Black "Hossa"]
[Result "0-1"]
[WhiteElo "1953"]
[BlackElo "2419"]
[PlyCount "32"]
[EventDate "2000.??.??"]

1. d4 Nf6 2. c4 e6 3. Nf3 b6 4. g3 Ba6 5. Qc2 c5 6. Bg2 Nc6 7. O-O cxd4 8. b3
e5 9. Nbd2 Be7 10. Ne4 O-O 11. Nfg5 Nxe4 12. Nxe4 f5 13. Nd2 Kh8 14. Bh3 e4 15.
Bb2 Qe8 16. a3 Qh5 {Behrouz resigns} 0-1

[Event "ICS rated standard match"]
[Site "204.178.125.65"]
[Date "2000.10.31"]
[Round "?"]
[White "Behrouz"]
[Black "Hossa"]
[Result "0-1"]
[WhiteElo "1949"]
[BlackElo "2423"]
[PlyCount "40"]
[EventDate "2000.??.??"]

1. d4 Nf6 2. c4 e6 3. Nc3 Bb4 4. e3 O-O 5. Bd3 d5 6. Nge2 c5 7. a3 cxd4 8. axb4
dxc3 9. bxc3 Nc6 10. O-O Ne5 11. c5 Nxd3 12. Qxd3 e5 13. c4 dxc4 14. Qxc4 Bf5
15. Ng3 Bd3 16. Qb3 Bxf1 17. Kxf1 Qd5 18. Qxd5 Nxd5 19. Rb1 f5 20. e4 Nc3 {
Behrouz resigns} 0-1

[Event "ICS rated standard match"]
[Site "204.178.125.65"]
[Date "2000.10.31"]
[Round "?"]
[White "Hossa"]
[Black "Behrouz"]
[Result "1-0"]
[WhiteElo "2425"]
[BlackElo "1947"]
[PlyCount "81"]
[EventDate "2000.??.??"]

1. e4 c5 2. d4 cxd4 3. Qxd4 Nc6 4. Qd1 g6 5. Nf3 Bg7 6. Be2 d6 7. O-O Nf6 8.
Nc3 O-O 9. Bf4 Bd7 10. Qd2 Re8 11. a3 Rc8 12. h3 a6 13. Bh6 Bh8 14. Bc4 Na5 15.
Ba2 Nc4 16. Bxc4 Rxc4 17. e5 dxe5 18. Nxe5 Rc7 19. Rfd1 Qc8 20. Qe2 Be6 21.
Rab1 Qb8 22. Nf3 Rxc3 23. bxc3 Nd5 24. Bd2 Nxc3 25. Bxc3 Bxc3 26. Ng5 Ba2 27.
Qf3 Bf6 28. Rxb7 Qc8 29. Ne4 Qxc2 30. Qd3 Qxd3 31. Nxf6+ exf6 32. Rxd3 Bc4 33.
Rc3 Bb5 34. Rcc7 Rf8 35. Ra7 f5 36. f4 Kg7 37. Kf2 Kf6 38. a4 Bd3 39. Rc6+ Kg7
40. Rd6 Bc4 41. Rc7 {Behrouz resigns} 1-0

[Event "ICS rated blitz match"]
[Site "204.178.125.65"]
[Date "2000.10.31"]
[Round "?"]
[White "Hossa"]
[Black "doumic"]
[Result "1-0"]
[WhiteElo "2569"]
[BlackElo "2296"]
[PlyCount "75"]
[EventDate "2000.??.??"]

1. d4 g6 2. e4 Bg7 3. Nf3 d6 4. Bd3 Bg4 5. h3 Bxf3 6. gxf3 Nc6 7. c3 Nf6 8. Be3
O-O 9. Kd2 Nh5 10. Kc2 e6 11. h4 f5 12. Bc4 d5 13. Bb3 f4 14. Bd2 Ne7 15. Na3
Qd7 16. Re1 c6 17. Qe2 Rf7 18. Rad1 Bf6 19. Rh1 b5 20. e5 Bg7 21. Nb1 Nc8 22.
Rhf1 Nb6 23. Rg1 a5 24. Kc1 Bf8 25. Rg2 Be7 26. Rg4 Nc4 27. Rdg1 a4 28. Bc2
Raf8 29. Be1 Qd8 30. Qf1 Qb6 31. Bxg6 hxg6 32. Rxg6+ Rg7 33. Rxe6 Qc7 34. Rh6
Rf5 35. Rgg6 Na5 36. Qg2 Bf8 37. Qg4 Qc8 38. Rxh5 {doumic resigns} 1-0

[Event "ICS rated blitz match"]
[Site "204.178.125.65"]
[Date "2000.10.31"]
[Round "?"]
[White "Ramiro"]
[Black "Hossa"]
[Result "1/2-1/2"]
[WhiteElo "2480"]
[BlackElo "2575"]
[PlyCount "158"]
[EventDate "2000.??.??"]

1. e4 e5 2. Nf3 Nc6 3. Bb5 a6 4. Bxc6 dxc6 5. O-O f6 6. d4 exd4 7. Nxd4 c5 8.
Nb3 Qxd1 9. Rxd1 Bg4 10. f3 Be6 11. Bf4 c4 12. Nd4 O-O-O 13. Nc3 Bc5 14. Be3
Bf7 15. Kf2 Bb4 16. Nde2 Ne7 17. a3 Bd6 18. Bf4 Kb8 19. Bxd6 Rxd6 20. Rxd6 cxd6
21. Rd1 Kc7 22. Nf4 Re8 23. Nfd5+ Nxd5 24. Nxd5+ Bxd5 25. Rxd5 g6 26. g4 Re5
27. Rd4 b5 28. f4 Re7 29. Kf3 Kc6 30. Rd5 a5 31. h4 Re8 32. h5 Rg8 33. g5 f5
34. hxg6 hxg6 35. Rd2 fxe4+ 36. Kxe4 Re8+ 37. Kf3 b4 38. axb4 axb4 39. f5 gxf5
40. Kf4 Rf8 41. g6 Kd7 42. Rg2 Ke6 43. g7 Rg8 44. Rg6+ Kf7 45. Rxd6 Kxg7 46.
Kxf5 Rf8+ 47. Ke4 Rh8 48. Rc6 b3 49. cxb3 cxb3 50. Rb6 Rh3 51. Kd4 Kf8 52. Kc4
Rh4+ 53. Kxb3 Ke7 54. Rc6 Kd8 55. Rc4 Rh2 56. Kc3 Kd7 57. b4 Rh1 58. Kb3 Ra1
59. b5 Ra7 60. Kb4 Rc7 61. Rh4 Kc8 62. b6 Rd7 63. Kc5 Kb8 64. Kc6 Rd8 65. Rh7
Re8 66. Rb7+ Kc8 67. Ra7 Kb8 68. Rg7 Rf8 69. Rh7 Rd8 70. Kb5 Re8 71. Rg7 Rf8
72. Rh7 Rf6 73. Re7 Rg6 74. Re8+ Kb7 75. Re7+ Ka8 76. Re8+ Kb7 77. Re7+ Ka8 78.
Re8+ Kb7 79. Re7+ Ka8 {Game drawn by repetition} 1/2-1/2

[Event "ICS rated standard match"]
[Site "204.178.125.65"]
[Date "2000.10.31"]
[Round "?"]
[White "Zuckertort"]
[Black "Hossa"]
[Result "0-1"]
[WhiteElo "1945"]
[BlackElo "2427"]
[PlyCount "42"]
[EventDate "2000.??.??"]

1. e3 d5 2. c4 e5 3. cxd5 Qxd5 4. Nc3 Qd6 5. a3 Nf6 6. Bc4 Nbd7 7. Nge2 Nb6 8.
Bb3 Be7 9. O-O O-O 10. d4 Rd8 11. Qc2 c5 12. dxc5 Qxc5 13. Ne4 Qxc2 14. Nxf6+
Bxf6 15. Bxc2 Be6 16. Nc3 g6 17. Be4 Rd7 18. b4 Rc8 19. Bb2 Nc4 20. Bc1 Nd6 21.
Nd5 Nxe4 {Zuckertort resigns} 0-1

[Event "ICS rated blitz match"]
[Site "204.178.125.65"]
[Date "2000.10.31"]
[Round "?"]
[White "Ramiro"]
[Black "Hossa"]
[Result "1-0"]
[WhiteElo "2526"]
[BlackElo "2571"]
[PlyCount "77"]
[EventDate "2000.??.??"]

1. e4 e5 2. Nf3 Nc6 3. Bb5 a6 4. Bxc6 dxc6 5. O-O f6 6. d4 exd4 7. Nxd4 c5 8.
Nb3 Qxd1 9. Rxd1 Bg4 10. f3 Be6 11. Be3 b6 12. a4 Kf7 13. a5 Ne7 14. Nc3 Bxb3
15. cxb3 Nc6 16. axb6 cxb6 17. Nd5 a5 18. Nxb6 Rb8 19. Nd7 Rxb3 20. Bxc5 Bxc5+
21. Nxc5 Rxb2 22. Rd7+ Kg6 23. Ne6 Rg8 24. Rc7 Rc2 25. Rxa5 Rxg2+ 26. Kxg2 Nxa5
27. Rc5 Nb3 28. Nf4+ Kf7 29. Rc7+ Ke8 30. Ne6 h6 31. Kf2 g6 32. Ke3 Na5 33. Kd4
Nb3+ 34. Kd5 Nd4 35. Kxd4 h5 36. Kd5 f5 37. Kd6 Rg7 38. Rxg7 fxe4 39. Re7# {
Hossa checkmated} 1-0

[Event "ICS rated blitz match"]
[Site "204.178.125.65"]
[Date "2000.10.31"]
[Round "?"]
[White "Hossa"]
[Black "burek"]
[Result "1-0"]
[WhiteElo "2553"]
[BlackElo "2133"]
[PlyCount "71"]
[EventDate "2000.??.??"]

1. d4 Nf6 2. c4 g6 3. Nf3 d5 4. cxd5 Nxd5 5. e4 Nb6 6. a4 a5 7. Bb5+ Bd7 8. Nc3
Bg7 9. O-O O-O 10. Bxd7 Qxd7 11. Bf4 Na6 12. Be5 f6 13. Bf4 Rfd8 14. Nb5 c6 15.
Qb3+ Kh8 16. Nc3 e6 17. Qxb6 Nb4 18. Na2 Bf8 19. Nxb4 Bxb4 20. Qc7 Qxc7 21.
Bxc7 Rd7 22. Bb6 g5 23. g4 Kg7 24. e5 Rf8 25. exf6+ Rxf6 26. Ne5 Rd5 27. Nd3
Bd6 28. Rfe1 Rf3 29. Re3 Rf6 30. Rae1 Kf7 31. Ne5+ Bxe5 32. Rxe5 Rxe5 33. Rxe5
Rf3 34. Rxg5 Rb3 35. Bc7 Rxb2 36. Be5 {burek resigns} 1-0

[Event "ICS rated blitz match"]
[Site "204.178.125.65"]
[Date "2000.10.31"]
[Round "?"]
[White "burek"]
[Black "Hossa"]
[Result "0-1"]
[WhiteElo "2130"]
[BlackElo "2556"]
[PlyCount "130"]
[EventDate "2000.??.??"]

1. e4 e5 2. Nf3 Nf6 3. Nxe5 Qe7 4. Nf3 Qxe4+ 5. Be2 Be7 6. O-O O-O 7. d4 Re8 8.
Bd3 Qc6 9. c4 d5 10. b3 Bg4 11. Nc3 dxc4 12. bxc4 Bxf3 13. Qxf3 Qxf3 14. gxf3
Nc6 15. Be3 Bb4 16. Rac1 Rad8 17. d5 Ne5 18. Be2 a5 19. Ne4 Nxf3+ 20. Bxf3 Nxe4
21. Rfd1 Bc5 22. Bxe4 Bxe3 23. Bxh7+ Kxh7 24. fxe3 Rxe3 25. Rc2 Re4 26. Rd3
Rde8 27. Kf2 Rh4 28. h3 Rf4+ 29. Kg3 Rfe4 30. c5 Re3+ 31. Rxe3 Rxe3+ 32. Kf4
Rxh3 33. Rd2 Kg6 34. d6 cxd6 35. cxd6 Rh4+ 36. Ke5 Rh5+ 37. Ke4 Rh4+ 38. Ke5
f6+ 39. Ke6 Re4+ 40. Kd7 Kf7 41. Kd8 g6 42. d7 Rc4 43. Rb2 g5 44. Rxb7 Rc6 45.
Rb5 g4 46. Rb3 a4 47. Rb4 g3 48. Rxa4 g2 49. Rg4 Rc2 50. a4 f5 51. Rg3 f4 52.
Rg4 f3 53. Rf4+ Ke6 54. Ke8 g1=Q 55. Re4+ Kf5 56. Rf4+ Kxf4 57. d8=Q Qg8+ 58.
Ke7 Qxd8+ 59. Kxd8 Ra2 60. a5 f2 61. Kc7 Rxa5 62. Kb6 Rh5 63. Kc7 f1=Q 64. Kd7
Qa6 65. Ke7 Rh7+ {burek resigns} 0-1

[Event "ICS rated blitz match"]
[Site "204.178.125.65"]
[Date "2000.10.31"]
[Round "?"]
[White "Hossa"]
[Black "burek"]
[Result "1-0"]
[WhiteElo "2559"]
[BlackElo "2127"]
[PlyCount "79"]
[EventDate "2000.??.??"]

1. d4 Nf6 2. c4 g6 3. Nf3 Bg7 4. Nc3 O-O 5. e4 d6 6. Bg5 Re8 7. Be2 Nc6 8. d5
Nb8 9. O-O Bg4 10. Qd2 Bxf3 11. Bxf3 Nbd7 12. Rfe1 a6 13. Bh6 Ne5 14. Be2 c5
15. Bxg7 Kxg7 16. f4 Ned7 17. Bd3 e5 18. dxe6 fxe6 19. e5 dxe5 20. fxe5 Nxe5
21. Rxe5 Qd4+ 22. Qe3 Ng4 23. Qxd4 cxd4 24. Re4 dxc3 25. Rxg4 cxb2 26. Rb1 Rad8
27. Rg3 Rd7 28. Rxb2 Red8 29. Be4 Rd1+ 30. Kf2 R1d2+ 31. Rxd2 Rxd2+ 32. Ke3
Rxa2 33. Bxb7 Kf6 34. Kd4 a5 35. Rf3+ Ke7 36. Rh3 h5 37. Be4 a4 38. Rg3 a3 39.
Ke5 Rb2 40. Rxa3 {burek resigns} 1-0

[Event "ICS rated blitz match"]
[Site "204.178.125.65"]
[Date "2000.10.31"]
[Round "?"]
[White "burek"]
[Black "Hossa"]
[Result "0-1"]
[WhiteElo "2125"]
[BlackElo "2561"]
[PlyCount "62"]
[EventDate "2000.??.??"]

1. d4 Nf6 2. c4 e6 3. Nc3 c5 4. Nf3 cxd4 5. Nxd4 Bb4 6. Qc2 Nc6 7. Nxc6 dxc6 8.
g3 O-O 9. Bg2 Qd4 10. O-O Qxc4 11. Bd2 e5 12. a3 Be7 13. Rac1 Rd8 14. b3 Qg4
15. Bf3 Qh3 16. b4 Ng4 17. Bxg4 Bxg4 18. Be3 Bf5 19. Qb2 Rd7 20. Na4 Rd5 21.
Bc5 Bg5 22. Rcd1 Rxd1 23. Rxd1 b6 24. Bd6 Be4 25. f3 Be3+ 26. Kh1 Bd4 27. Qb3
Bd5 28. Qd3 Qe6 29. e4 Bc4 30. Qc2 Bb3 31. Qxc6 Rc8 {burek resigns} 0-1

[Event "ICS rated blitz match"]
[Site "204.178.125.65"]
[Date "2000.10.31"]
[Round "?"]
[White "Hossa"]
[Black "burek"]
[Result "1-0"]
[WhiteElo "2563"]
[BlackElo "2123"]
[PlyCount "65"]
[EventDate "2000.??.??"]

1. d4 Nf6 2. c4 g6 3. Nf3 d5 4. cxd5 Nxd5 5. e4 Nb6 6. a4 a5 7. Bb5+ Bd7 8.
Bxd7+ Qxd7 9. Ne5 Qe6 10. Nc3 Bg7 11. Bf4 O-O 12. O-O Bxe5 13. Bxe5 Na6 14. Bf4
Rad8 15. Bh6 Rfe8 16. d5 Qe5 17. f4 Qd6 18. Nb5 Qc5+ 19. Qd4 Qxd4+ 20. Nxd4 c6
21. Nb3 cxd5 22. Nxa5 dxe4 23. Nxb7 Rd2 24. b3 Rb8 25. Na5 Nd5 26. f5 Re2 27.
Nc6 Rxb3 28. Nd4 Reb2 29. Nxb3 Rxb3 30. Rac1 Rc3 31. Rfd1 Rxc1 32. Rxc1 Nac7
33. Rb1 {burek resigns} 1-0

[Event "ICS rated blitz match"]
[Site "204.178.125.65"]
[Date "2000.10.31"]
[Round "?"]
[White "Ramiro"]
[Black "Hossa"]
[Result "0-1"]
[WhiteElo "2582"]
[BlackElo "2567"]
[PlyCount "80"]
[EventDate "2000.??.??"]

1. e4 e5 2. Nf3 Nc6 3. Bb5 a6 4. Bxc6 dxc6 5. O-O Bg4 6. h3 h5 7. d3 Qf6 8. Be3
Bxf3 9. Qxf3 Qxf3 10. gxf3 Bd6 11. Nd2 Ne7 12. Nc4 Ng6 13. Kh2 b5 14. Nxd6+
cxd6 15. Rg1 Ke7 16. Rg5 c5 17. Rag1 Kd7 18. Rf5 Raf8 19. Rfg5 Kc6 20. Kg3 Rh6
21. Rf5 Rh7 22. f4 exf4+ 23. Bxf4 Ne7 24. Rg5 f6 25. Rf5 g5 26. Bd2 Nxf5+ 27.
exf5 Re7 28. f4 g4 29. hxg4 hxg4 30. Rh1 Re2 31. Rh2 Rxh2 32. Kxh2 Kd7 33. Kg3
Rg8 34. b4 Ke7 35. Bc3 Rg7 36. a3 Rg8 37. Bb2 cxb4 38. axb4 Rc8 39. c3 Rh8 40.
Kxg4 Rh2 {Ramiro resigns} 0-1

[Event "ICS Rated blitz match"]
[Site "204.178.125.65"]
[Date "2000.10.31"]
[Round "?"]
[White "Amateur"]
[Black "Hossa"]
[Result "0-1"]
[WhiteElo "2599"]
[BlackElo "2584"]
[PlyCount "122"]
[EventDate "2000.??.??"]

1. e4 e5 2. Nf3 Nc6 3. d4 exd4 4. Nxd4 Nf6 5. Nc3 Bb4 6. Nxc6 bxc6 7. Bd3 d5 8.
exd5 Qe7+ 9. Qe2 Qxe2+ 10. Bxe2 Ne4 11. Bd2 Bxc3 12. bxc3 cxd5 13. Bf4 c5 14.
c4 d4 15. O-O Be6 16. Bd3 Nc3 17. Rfe1 Kd7 18. Re5 Kc6 19. a4 h5 20. Bg5 Rae8
21. Rae1 Nxa4 22. Kh1 Kd7 23. Ra1 f6 24. Ree1 fxg5 25. Rxa4 Bxc4 26. Rxa7+ Kc6
27. Be4+ Bd5 28. f3 Rhg8 29. Ra6+ Kc7 30. Raa1 Bxe4 31. fxe4 Ra8 32. g3 Rgb8
33. Rxa8 Rxa8 34. Rf1 Kd6 35. Rf5 Ra1+ 36. Kg2 Ra2 37. Rxg5 Rxc2+ 38. Kg1 Re2
39. Rg6+ Ke5 40. Rg5+ Kxe4 41. Kf1 Rxh2 42. Rxc5 Kf3 43. Rf5+ Kxg3 44. Rg5+ Kf3
45. Ke1 h4 46. Rxg7 h3 47. Rf7+ Ke3 48. Re7+ Kd3 49. Rh7 Rh1+ 50. Kf2 Ra1 51.
Rxh3+ Kd2 52. Rh6 d3 53. Rh7 Kc2 54. Rc7+ Kd1 55. Rh7 Ra2+ 56. Kf1 d2 57. Rc7
Rc2 58. Ra7 Kc1 59. Ra1+ Kb2 60. Rd1 Rc1 61. Ke2 Rxd1 {Amateur resigns} 0-1

[Event "ICS rated blitz match"]
[Site "204.178.125.65"]
[Date "2000.10.31"]
[Round "?"]
[White "Hossa"]
[Black "maese"]
[Result "1-0"]
[WhiteElo "2601"]
[BlackElo "1941"]
[PlyCount "79"]
[EventDate "2000.??.??"]

1. e4 e5 2. Nf3 Nf6 3. d4 exd4 4. e5 Ne4 5. Qxd4 d5 6. exd6 Nxd6 7. Nc3 Nc6 8.
Qf4 Be7 9. Bd3 O-O 10. O-O Bf6 11. Nd5 Be6 12. Nxf6+ Qxf6 13. Qxf6 gxf6 14. Bh6
Rfe8 15. a3 Bf5 16. Rad1 Rad8 17. Rfe1 Bxd3 18. Rxd3 Nf5 19. Rxd8 Rxd8 20. Bf4
Ncd4 21. Nxd4 Nxd4 22. h3 Nxc2 23. Re7 b5 24. Rxc7 Nd4 25. Be3 Ne6 26. Rxa7 Rd5
27. Bh6 Rd8 28. Rb7 Nd4 29. Be3 Nf5 30. Rxb5 Nxe3 31. fxe3 Rd2 32. Rb8+ Kg7 33.
a4 Re2 34. Rb3 Kg6 35. Kh2 Re1 36. a5 Rc1 37. a6 Rc6 38. a7 Ra6 39. Ra3 Re6 40.
a8=Q {maese resigns} 1-0

[Event "ICS rated standard match"]
[Site "204.178.125.65"]
[Date "2000.10.31"]
[Round "?"]
[White "Hossa"]
[Black "BrazilianMaster"]
[Result "0-1"]
[WhiteElo "2429"]
[BlackElo "2564"]
[PlyCount "132"]
[EventDate "2000.??.??"]

1. e4 c5 2. d4 cxd4 3. Qxd4 Nc6 4. Qd1 e6 5. Nc3 Nf6 6. Nf3 Bb4 7. Bd2 d5 8.
exd5 exd5 9. Bd3 Qe7+ 10. Qe2 Bg4 11. Qxe7+ Bxe7 12. O-O-O O-O 13. Bg5 Be6 14.
Bb5 a6 15. Be2 Rfe8 16. Bd3 Rac8 17. Rhe1 h6 18. Bxf6 Bxf6 19. Ne2 Nb4 20. c3
b5 21. a3 Nxd3+ 22. Rxd3 Bg4 23. Rxd5 Bxf3 24. gxf3 Rc7 25. Kd2 Rce7 26. Kd1
Bh4 27. Rd2 Bxf2 28. Rf1 Be3 29. Rd6 Kf8 30. Nd4 Re5 31. h3 Ke7 32. Rxa6 Bxd4
33. cxd4 Rd8 34. Ra7+ Kf6 35. Rc7 Rxd4+ 36. Kc1 Rh4 37. Rc6+ Kf5 38. Rg1 g5 39.
Rh1 Kf4 40. Rf6+ Kg3 41. Rxf7 Kg2 42. Rd1 Rc5+ 43. Kb1 Rxh3 44. b4 Rc3 45. Kb2
Rcxf3 46. Rd2+ Kf1 47. Rd1+ Kf2 48. Rd2+ Ke3 49. Rfd7 g4 50. R7d5 g3 51. Rd6 h5
52. R2d3+ Kf2 53. Rd2+ Kg1 54. R2d5 Rh2+ 55. Kc1 Rf1+ 56. Rd1 g2 57. a4 bxa4
58. Kb2 Kh1 59. Ka3 g1=Q 60. Rxf1 Qxf1 61. b5 Qf8 62. Kxa4 Qxd6 63. Kb3 Qd3+
64. Kb4 Qd4+ 65. Ka3 Qc3+ 66. Ka4 Ra2# {Hossa checkmated} 0-1

[Event "ICS rated blitz match"]
[Site "204.178.125.65"]
[Date "2000.10.31"]
[Round "?"]
[White "Hossa"]
[Black "PabloZelig"]
[Result "1-0"]
[WhiteElo "2602"]
[BlackElo "2107"]
[PlyCount "53"]
[EventDate "2000.??.??"]

1. e4 c5 2. Nf3 Nc6 3. d4 cxd4 4. Nxd4 Nf6 5. Nc3 d6 6. Bg5 e6 7. Qd2 a6 8.
O-O-O h6 9. Be3 Be7 10. f4 Bd7 11. g3 b5 12. Bg2 Rc8 13. e5 dxe5 14. Nxc6 Bxc6
15. Bxc6+ Rxc6 16. fxe5 Qxd2+ 17. Kxd2 Nd7 18. Bd4 O-O 19. Ne4 Rc4 20. c3 Nxe5
21. b3 Nf3+ 22. Ke3 Nxd4 23. bxc4 Nf5+ 24. Ke2 bxc4 25. Rd7 Rb8 26. g4 Rb2+ 27.
Nd2 {PabloZelig resigns} 1-0

[Event "ICS rated standard match"]
[Site "204.178.125.65"]
[Date "2000.10.31"]
[Round "?"]
[White "Interceptor"]
[Black "Hossa"]
[Result "1-0"]
[WhiteElo "2651"]
[BlackElo "2419"]
[PlyCount "109"]
[EventDate "2000.??.??"]

1. e4 e5 2. Nf3 Nf6 3. Nxe5 Qe7 4. d4 d6 5. Nf3 Qxe4+ 6. Be2 Bf5 7. c4 Be7 8.
Nc3 Qc2 9. O-O Qxd1 10. Rxd1 O-O 11. Nh4 Bc2 12. Rd2 Be4 13. f3 Bc6 14. Nf5 Bd8
15. Bd3 Bd7 16. Re2 Nc6 17. Be3 Nb4 18. Bb1 Re8 19. a3 Nc6 20. b4 Be6 21. Bd3
d5 22. cxd5 Nxd5 23. Nxd5 Bxd5 24. b5 Na5 25. Rae1 Re6 26. Bf4 g5 27. Bd2 Nc4
28. Bb4 Kh8 29. Be4 Bxe4 30. Rxe4 Rxe4 31. Rxe4 Bf6 32. Re2 Rd8 33. Rc2 Rd5 34.
g4 Nd6 35. Bxd6 Rxf5 36. gxf5 Bxd4+ 37. Kg2 cxd6 38. Rc7 Kg7 39. Rxb7 Kf6 40.
a4 Be3 41. a5 d5 42. Rxa7 h5 43. Rd7 Kxf5 44. b6 h4 45. Rb7 d4 46. a6 d3 47. a7
g4 48. a8=Q h3+ 49. Kf1 f6 50. Rg7 gxf3 51. Qd5+ Kf4 52. Qe6 f2 53. b7 Ba7 54.
Rg4+ Kf3 55. Qe4# {Hossa checkmated} 1-0